000 00453nam a2200169Ia 4500
003 GCL
008 140319s9999 xx 000 0 ara d
040 _aGCL /
_cGCL
082 0 4 _a618.97
_bاش
100 1 _aامين رويحة
245 1 0 _aشباب فى الشيخوخة /
_cامين رويحة
260 _a[S.N] :
_bدار القلم للتراث
300 _a366 ص
490 _a
650 0 4 _aامراض الشيخوخة
942 _2ddc
_cBK
999 _c53726
_d53726